000 00423nam a22001697a 4500
999 _c11583
_d11583
003 OSt
008 221108b ||||| |||| 00| 0 eng d
020 _a9789389292060
082 _a338.91 RAI
100 _aRANA, K.C. and VERMA, K.N.
245 _aInternational Economics
250 _aReprint
260 _aJalandhar
_bVishal Publishing Company
_c2022
300 _a602 p.
650 _aEconomics
942 _2ddc
_cBK
_03